000 00562nam a2200229Ia 4500
003 OSt
005 20221005114311.0
006 a|||||r|||| 00| 0
007 ta
008 221004b |||||||| |||| 00| 0 tam d
024 _a46733
037 _cTextual
040 _aCRL
_cCRL
_btam
041 _2tam
_atam
082 _aWv, 31J7
100 _aSaminathasama Au.
_9625743
245 0 _aArasiyal varalaru
260 _c1957
650 _aPOLITICAL SCIENCE
942 _hWv, 31J7
_cTEXL
_2cc
999 _c1030891
_d1030891